00732nam a2200229Ia 4500003000400000005001700004008004100021020002900062040001700091082002100108100001800129245006900147250001200216260003000228300002200258500001900280650002700299651002500326942000900351952012700360999001500487IIN20250530122211.0250530s2022 xx ad 001 0 eng d cRs.895.00a9788195140268 aIINbEnglish a616.890231 bKAP1 aKapoor, Bimla 2aA Textbook Mental Health and Psychiatric Nursing /cBimla Kapoor a4rth ed aDelhi :bKumar Pub,c2022 axxxv, 646p.bill. aIncludes Index1 aMental HealthvNursing aPsychiatricvNursing cBOOK 00102ddc40708PURCHaIINbIINcGENd2025-03-11g895.00l0o616.890231 KAPp2092r2025-05-30 12:22:32w2025-05-30yBOOK c1851d1851